[Event "Litomysl 2006"]
[Site "?"]
[Date "2007.01.01"]
[Round "9.21"]
[White "Novotny, Michal"]
[Black "Kulovana, Eva"]
[Result "1/2-1/2"]
[WhiteElo "2238"]
[BlackElo "2263"]
[PlyCount "110"]
[EventDate "2006.12.26"]

1. e4 c6 2. d4 d5 3. e5 Bf5 4. Nc3 e6 5. g4 Bg6 6. Nge2 c5 7. Be3 Nc6 8. dxc5
Nxe5 9. Nd4 Nc6 10. Bb5 Nge7 11. Qe2 h5 12. O-O-O Qc7 13. Bg5 O-O-O 14. Bxc6
bxc6 15. Bxe7 Bxe7 16. Nxe6 fxe6 17. Qxe6+ Kb8 18. Qxg6 Bxc5 19. gxh5 Rh6 20.
Qd3 Rxh5 21. Ne4 Bb6 22. Ng3 Rh6 23. Qd2 Rf8 24. Rdf1 Qf4 25. Qxf4+ Rxf4 26. f3
Rh8 27. h3 Rhf8 28. Kd2 Rxf3 29. Rxf3 Rxf3 30. Ne2 Be3+ 31. Ke1 d4 32. Rh2 g5
33. b3 c5 34. Rg2 Rxh3 35. Ng3 Kc7 36. Ne4 Kc6 37. a4 Rh6 38. Ke2 Re6 39. Kd3
Bf4 40. Rg4 Re5 41. b4 cxb4 42. Kxd4 Rd5+ 43. Kc4 a5 44. Rg2 Be3 45. c3 bxc3
46. Kxc3 Bf4 47. Rg1 Re5 48. Kd4 Rd5+ 49. Kc3 Re5 50. Kd4 Rd5+ 51. Kc3 Re5 52.
Kd3 Rd5+ 53. Kc3 Re5 54. Kd3 Rd5+ 55. Kc3 Re5 1/2-1/2